<?xml version="1.0" encoding="UTF-8"?>
<record
    xmlns:xsi="http://www.w3.org/2001/XMLSchema-instance"
    xsi:schemaLocation="http://www.loc.gov/MARC21/slim http://www.loc.gov/standards/marcxml/schema/MARC21slim.xsd"
    xmlns="http://www.loc.gov/MARC21/slim">

  <leader>01116nam0a2200325 i 4500</leader>
  <controlfield tag="001">RU\NLR\BIBL_A\010877951</controlfield>
  <controlfield tag="005">20241103132812.0</controlfield>
  <datafield tag="010" ind1=" " ind2=" ">
    <subfield code="a">9785170914852</subfield>
    <subfield code="9">2000</subfield>
  </datafield>
  <datafield tag="021" ind1=" " ind2=" ">
    <subfield code="a">RU</subfield>
    <subfield code="b">2015-74776</subfield>
    <subfield code="9">4507</subfield>
  </datafield>
  <datafield tag="035" ind1=" " ind2=" ">
    <subfield code="a">(NILC)RuMoRGB-008029682</subfield>
  </datafield>
  <datafield tag="035" ind1=" " ind2=" ">
    <subfield code="a">(NLR Aleph) 010877951</subfield>
  </datafield>
  <datafield tag="090" ind1=" " ind2=" ">
    <subfield code="a">10490037</subfield>
    <subfield code="c">10490037</subfield>
  </datafield>
  <datafield tag="100" ind1=" " ind2=" ">
    <subfield code="a">20151029d2015    u  y0rusy50      ca</subfield>
  </datafield>
  <datafield tag="101" ind1="1" ind2=" ">
    <subfield code="a">rus</subfield>
    <subfield code="c">und</subfield>
  </datafield>
  <datafield tag="102" ind1=" " ind2=" ">
    <subfield code="a">RU</subfield>
  </datafield>
  <datafield tag="105" ind1=" " ind2=" ">
    <subfield code="a">y|||z||||00yy</subfield>
  </datafield>
  <datafield tag="200" ind1="1" ind2=" ">
    <subfield code="a">&#x421;&#x443;&#x43F;&#x435;&#x440;&#x442;&#x440;&#x435;&#x43D;&#x438;&#x43D;&#x433; &#x43F;&#x43E; &#x414;&#x436;&#x43E;&#x43D;&#x443; &#x41A;&#x435;&#x445;&#x43E; &#x438; &#x414;&#x436;&#x43E;&#x437;&#x435;&#x444;&#x443; &#x41C;&#x44D;&#x440;&#x444;&#x438;</subfield>
    <subfield code="e">&#x43E;&#x442;&#x43A;&#x440;&#x43E;&#x439;&#x442;&#x435; &#x441;&#x432;&#x435;&#x440;&#x445;&#x432;&#x43E;&#x437;&#x43C;&#x43E;&#x436;&#x43D;&#x43E;&#x441;&#x442;&#x438; &#x432;&#x430;&#x448;&#x435;&#x433;&#x43E; &#x43F;&#x43E;&#x434;&#x441;&#x43E;&#x437;&#x43D;&#x430;&#x43D;&#x438;&#x44F;!</subfield>
    <subfield code="f">&#x422;&#x438;&#x43C; &#x413;&#x443;&#x434;&#x43C;&#x435;&#x43D;</subfield>
  </datafield>
  <datafield tag="210" ind1=" " ind2=" ">
    <subfield code="a">&#x41C;&#x43E;&#x441;&#x43A;&#x432;&#x430;</subfield>
    <subfield code="c">&#x410;&#x421;&#x422;</subfield>
    <subfield code="c">&#x41F;&#x440;&#x430;&#x439;&#x43C;</subfield>
    <subfield code="d">2015</subfield>
  </datafield>
  <datafield tag="215" ind1=" " ind2=" ">
    <subfield code="a">256 &#x441;.</subfield>
    <subfield code="d">21</subfield>
  </datafield>
  <datafield tag="225" ind1="1" ind2=" ">
    <subfield code="a">&#x416;&#x435;&#x43B;&#x430;&#x43D;&#x438;&#x435;, &#x438;&#x441;&#x43F;&#x43E;&#x43B;&#x43D;&#x438;&#x441;&#x44C;!</subfield>
  </datafield>
  <datafield tag="333" ind1=" " ind2=" ">
    <subfield code="a">12+</subfield>
  </datafield>
  <datafield tag="606" ind1=" " ind2=" ">
    <subfield code="a">&#x41F;&#x441;&#x438;&#x445;&#x43E;&#x44D;&#x43D;&#x435;&#x440;&#x433;&#x435;&#x442;&#x438;&#x43A;&#x430;</subfield>
    <subfield code="j">&#x41F;&#x43E;&#x43F;&#x443;&#x43B;&#x44F;&#x440;&#x43D;&#x44B;&#x435; &#x438;&#x437;&#x434;&#x430;&#x43D;&#x438;&#x44F;</subfield>
    <subfield code="9">2099156</subfield>
    <subfield code="3">RU\NLR\AUTH\661269768</subfield>
  </datafield>
  <datafield tag="675" ind1=" " ind2=" ">
    <subfield code="a">159.9</subfield>
  </datafield>
  <datafield tag="686" ind1="1" ind2=" ">
    <subfield code="a">&#x42E;969&#x44F;9</subfield>
  </datafield>
  <datafield tag="700" ind1=" " ind2="1">
    <subfield code="a">&#x413;&#x443;&#x434;&#x43C;&#x435;&#x43D;</subfield>
    <subfield code="b">&#x422;.</subfield>
    <subfield code="g">&#x422;&#x438;&#x43C;</subfield>
  </datafield>
  <datafield tag="801" ind1=" " ind2="0">
    <subfield code="a">RU</subfield>
    <subfield code="b">&#x420;&#x413;&#x411;</subfield>
    <subfield code="c">20150928</subfield>
    <subfield code="g">RCR</subfield>
  </datafield>
  <datafield tag="942" ind1=" " ind2=" ">
    <subfield code="c">BOOK</subfield>
  </datafield>
  <datafield tag="980" ind1=" " ind2=" ">
    <subfield code="a">NBR</subfield>
  </datafield>
</record>
